Statistiques concernant Pourquoi t'es la #Géo #2

Cliquez ici pour prendre le quiz!

Statistiques générales

  • Ce quiz a été pris 66 fois
  • Le résultat moyen est 6 sur 18

Statistiques - réponses

PhraseRéponseIndice géographique% Correct
Compte pour Jamaïque, Saint vincent et les Grenadines, et Norfolk (Australie)KingstonCapitale
68%
On a envie de le mettre dans le département 64PoFleuve Italien
68%
En 3 lettres, je pensais que ce groupe était suédoisAbaVille du Nigéria
61%
2 endroits différents pour prendre du poidsGrasse / GrèceVille du 06 ou Pays d'Europe
61%
Faut il y naviguer pour trouvez sa "moitié"AmourFleuve d'Asie
58%
Y'a un Paris-Brest en France, Il manque un Paris dans ce pays pour faire pareilBielorussiePays d'Europe
40%
Prénom de footballeur, ville antique au Moyen-Orient, et au TennesseeMemphisVille des USA
39%
Ce pays n'est pas très "rural" même si il sonne commeNauruPays d'Océanie
37%
Son nom s'allie souvent avec la paix, mais il y a eu la guerreLe HavreVille sur la Manche
28%
A entendre son nom, on y voit un lien entre Java, Cuba, la Corse par exempleLilleChef Lieu en France
28%
La seule ville dont le nom pourrait être le gentiléKaunasVille d'un pays balte
25%
Elle ne devrait pas exister en été, en automne et en hiverPragueCapitale d'Europe
21%
Ça sonne pareil, pas l'écriture mais y'a un monde d'écart entre cette capitale d'état des USA et ce paysAlbaniePays en Europe
18%
Phonétiquement, son nom fait penser a un fleuve russeAubeDépartement Français
16%
Cette ville n'est pas là où nous le pensons (pensez frontières)BéninVille du Nigéria
12%
Tu penses que Orange, Bouygues, Free et SFR sont connus la basMobileVille d'Alabama
12%
7 milliards d'habitants n'ont pas pus naître la-basNatalVille du Brésil
7%
Elle pourrait être la 2eme capitale du Maroc en concordance avec la deuxième capitale de la BolivieSaléVille sur l'atlantique
7%

Distribution des résultats

Percentile par nombre de réponses

% des personnes avec chaque résultat

Votre développement - résultats

Vous n’avez pas pris ce quiz